| 000 | 00845nam a2200241 u 4500 | ||
|---|---|---|---|
| 005 | 20240925065208.0 | ||
| 008 | 150602s2008 r 000 0 eng d | ||
| 020 | _a9786073000239 | ||
| 035 | _aUPN01000203990 | ||
| 049 | _aCG | ||
| 050 | 4 |
_aBF173 F8.5 _bC4.6 |
|
| 245 | 0 | 0 |
_aCien años de novedad : _bla moral sexual cultural y la nerviosidad moderna de Sigmund Freud (1908-2008) / _ccoord. Néstor A. Braunstein. |
| 260 |
_aMéxico : _bSiglo XXI, _c2008. |
||
| 300 | _a217 p. | ||
| 440 | 0 | _aPsicología y psicoanálisis | |
| 600 | 1 | 4 |
_aFreud, Sigmund, _d1856-1939 _xCrítica e interpretación _97006 |
| 650 | 4 |
_aPsicología social _95889 |
|
| 650 | 4 |
_aSexo (Psicología) _97377 |
|
| 650 | 0 |
_aSistema Nervioso _xEnfermedades _xDiagnóstico _92150 |
|
| 700 | 1 |
_aBraunstein, Néstor A., _ecoord. _937143 |
|
| 905 | _aLibro | ||
| 999 |
_c176091 _d176091 |
||